01390 a2200229 45000010006000000050017000060080041000230030015000640400040000790800078001192450052001970200022002492500013002712640034002843000023003185050631003410410008009721000029009807000028010097000024010378560099010614928320260407155756.0260407a2019 arg spa dAR-UNSa-BCEJYS aAR-UNSa-BCEJYSbspacAR-UNSa-BCEJYS a336.226.1xImpuestos a las ganancias o los beneficios (Impuesto Diferido)10aImpuesto a las gananciaspexplicado y comentado a978-987-01-2310-1 a13a. ed. 1aBuenos Aires :bErreparc2019 axi, 252 p.c27 cm. a1. Aspectos teóricos de la imposición de la renta - 2. Hecho imponible - 3. Exenciones - 4. Criterios de imputación - 5. Determinación general del impuesto - 6. Valuación de bienes de uso e inversiones - 7. Ganancias de la primera categoría - 8. Ganancia de la segunda categoría - 9. Guanacias de la cuarta categoría - 10. Ganancias de la tercera categoría - 11. Amortizaciones - 12. Operaciones entre empresas vinculadas - 13. Situaciones especiales previstas por la ley - 14. Reorganización de sociedades - 15. Beneficiarios del exterior - 16. Renta mundial - 17. Liquidación e ingreso del impuesto.  aspa1 aCeldeiro, Ernesto Carlos1 aImirizaldu, Juan José1 aRofrano, Guido Omar41uhttps://www.biblioeco.unsa.edu.ar/pmb/images/libros/L127925.jpgyImagen de portadaqimage/jpeg